000 00808nam a2200217 i 4500
001 81820
003 ES-MaACL
005 20250407063106.0
007 t|
008 041108s1913 fr m ||||1| fre d
080 _a325(675)
100 1 _aIbáñez de Ibero, Carlos,
_cMarqués de Mulhacén,
_d1888-1966
_9151481
245 1 3 _aLa mise en valeur du Congo Belgue
_b: (etude de Geographie coloniale) /
_cCarlos Ibáñez de Ibero.
260 _a[Paris :
_bs.n.,
_c1913] (
_ePithiviers :
_fDomangé et Cie.)
300 _aXII, 248 p. ;
_c22 cm.
651 4 _aCongo (República Democrática)-
_xColonización.
_9155231
651 4 _aCongo (República Democrática)-
_xDescripción.
_9155242
651 4 _aBélgica-
_xColonias-
_zÁfrica.
_9147628
852 _aES-MaACL
_jC-1493
999 _c81820
_d81820